Countries on the Prime Meridian - Statistics

General Stats
  • This quiz has been taken 12 times
  • The average score is 7 of 8
Answer Stats
Answer % Correct
France
100%
United Kingdom
100%
Algeria
92%
Mali
83%
Spain
83%
Burkina Faso
67%
Ghana
67%
Togo
58%
No matching quizzes found
Score Distribution
Percent of People with Each Score
Percentile by Number Answered
Your Score History
You have not taken this quiz